| 000 | 00568nam a2200217 454500 | ||
|---|---|---|---|
| 001 | 039005 | ||
| 003 | BD-ChCU | ||
| 008 | Eng | ||
| 020 | _a0673151514 | ||
| 040 |
_aDLC _cDLC _dBD-ChCU |
||
| 082 | 0 | 0 | _a157/L183m |
| 100 | 1 |
_aLahey, Benjamin B. _bCiminero, Anthony R. |
|
| 245 | 1 | 0 |
_aMaladaptive Behavior _bAn Introduction to Abnormal Psychology |
| 250 | _ax | ||
| 260 |
_aIllinois; London _bScott, Foresman _c1980 |
||
| 300 | _axvi,668 | ||
| 504 | _aIncludes | ||
| 650 | 0 |
_aPsychology - Pathological _bSocial Behavior |
|
| 700 | 1 | _ax | |
| 942 |
_2ddc _cBK |
||
| 999 |
_c39005 _d39005 |
||